000
00289nam a22001217a 4500
008
230620b xxu||||| |||| 00| 0 eng d
082
_a
320.9
_b
LEC
100
_c
Collin Legun
245
_a
Must we Lose Africa?
260
_a
London
_b
W.H Allen & Co
_c
1955
300
_a
264p
942
_2
ddc
_c
BK
999
_c
1606
_d
1606